[Event "Ruhrgebiet Verbandsklasse Gruppe 2 1819"]
[Site "Nordrheinwestfalen"]
[Date "2019.05.05"]
[Round "9.1"]
[White "Prieb, Robert"]
[Black "Happe, Ulrich"]
[Result "1/2-1/2"]
[WhiteElo "1881"]
[BlackElo "2048"]
[PlyCount "93"]
[EventDate "2018.09.23"]
[EventType "team-tourn"]
[EventRounds "9"]
[EventCountry "GER"]
[SourceTitle "EXT 2022"]
[Source "ChessBase"]
[SourceDate "2021.10.06"]
[SourceVersion "1"]
[SourceVersionDate "2021.10.06"]
[SourceQuality "1"]
[WhiteTeam "Bochum SG IV"]
[BlackTeam "Steele/Kray Rochade"]
[WhiteTeamCountry "GER"]
[BlackTeamCountry "GER"]

1. d4 Nf6 2. c4 g6 3. Nc3 d5 4. Nf3 Bg7 5. Bg5 Ne4 6. Bh4 Nxc3 7. bxc3 dxc4 8. Qa4+ c6 9. Qxc4 b6 10. e3 Ba6 11. Qb3 Bxf1 12. Kxf1 Nd7 13. Ke2 Qc7 14. Rhd1 Qb7 15. Kf1 Nf6 16. Kg1 0-0 17. a4 Ne4 18. Nd2 Nxd2 19. Rxd2 Rfd8 20. Bg3 Rd7 21. Qb1 c5 22. Rb2 cxd4 23. cxd4 Rd5 24. Rb5 Qd7 25. Qe4 e6 26. Rc1 Rc8 27. Rxc8+ Qxc8 28. h3 Qd7 29. Rxd5 Qxd5 30. Qxd5 exd5 31. Kf1 Kf8 32. Ke2 Ke7 33. Bb8 a6 34. Ba7 b5 35. Bc5+ Kd7 36. axb5 axb5 37. Kd3 Bf6 38. Kc3 Bh4 39. g3 Bd8 40. Kb4 Kc6 41. Bf8 Bc7 42. Bc5 f5 43. h4 Bd8 44. Bf8 Kb6 45. Bd6 Kc6 46. Bf8 h5 47. f4 1/2-1/2

[Event "Ruhrgebiet Verbandsklasse Gruppe 2 1718"]
[Site "Germany"]
[Date "2018.02.25"]
[Round "7.1"]
[White "Patzer, Joerg"]
[Black "Happe, Ulrich"]
[Result "0-1"]
[WhiteElo "1867"]
[BlackElo "2116"]
[PlyCount "62"]
[EventDate "2017.09.17"]
[EventType "team-tourn"]
[EventRounds "9"]
[EventCountry "GER"]
[SourceTitle "EXT 2022"]
[Source "ChessBase"]
[SourceDate "2021.10.06"]
[SourceVersion "1"]
[SourceVersionDate "2021.10.06"]
[SourceQuality "1"]
[WhiteTeam "Horst Emscher II"]
[BlackTeam "Steele/Kray Rochade"]
[WhiteTeamCountry "GER"]
[BlackTeamCountry "GER"]

1. d4 Nf6 2. Nf3 g6 3. g3 Bg7 4. Bg2 0-0 5. 0-0 d5 6. b3 c5 7. e3 Nc6 8. Bb2 Ne4 9. Nbd2 Bg4 10. h3 Bxf3 11. Nxf3 e6 12. a3 b5 13. c3 c4 14. b4 a5 15. Qc2 Qc7 16. Nd2 f5 17. Kh2 axb4 18. axb4 Rxa1 19. Bxa1 Bh6 20. f4 g5 21. Bb2 Ra8 22. Nxe4 dxe4 23. Bc1 Ne7 24. Kg1 Nd5 25. Bxe4 fxe4 26. Qxe4 Re8 27. fxg5 Qxg3+ 28. Qg2 Qxg2+ 29. Kxg2 Bxg5 30. Rf3 Re7 31. Bd2 Rg7 0-1

[Event "Ruhrgebiet Verbandsklasse Gruppe 2 1718"]
[Site "Germany"]
[Date "2017.12.03"]
[Round "4.1"]
[White "Happe, Ulrich"]
[Black "Zobiegala, Christoph"]
[Result "1-0"]
[WhiteElo "2105"]
[BlackElo "1880"]
[PlyCount "97"]
[EventDate "2017.09.17"]
[EventType "team-tourn"]
[EventRounds "9"]
[EventCountry "GER"]
[SourceTitle "EXT 2022"]
[Source "ChessBase"]
[SourceDate "2021.10.06"]
[SourceVersion "1"]
[SourceVersionDate "2021.10.06"]
[SourceQuality "1"]
[WhiteTeam "Steele/Kray Rochade"]
[BlackTeam "Sodingen/Castrop SK III"]
[WhiteTeamCountry "GER"]
[BlackTeamCountry "GER"]

1. c4 c5 2. Nf3 Nc6 3. d4 cxd4 4. Nxd4 g6 5. e4 Bg7 6. Nc2 d6 7. Be2 Nf6 8. Nc3 0-0 9. 0-0 a6 10. Be3 b6 11. Rc1 Bb7 12. f3 Rc8 13. Qe1 Nd7 14. b3 Nc5 15. Kh1 f5 16. exf5 Rxf5 17. Qd2 Qf8 18. Nd5 Nd7 19. Nxb6 Nxb6 20. Bxb6 Be5 21. Be3 Qg7 22. Ne1 Bb2 23. Rc2 Bd4 24. Bxd4 Nxd4 25. Rc1 Rh5 26. Bd3 Qe5 27. f4 Qf6 28. Kg1 Rf8 29. Qe3 Qh4 30. h3 e5 31. fxe5 Rxf1+ 32. Bxf1 Rxe5 33. Qf2 Qe4 34. Bd3 Qc6 35. Rd1 Qc5 36. Bf1 Ne6 37. Nd3 Qxf2+ 38. Nxf2 Bc8 39. Rxd6 Kf7 40. Rd1 Ra5 41. Ne4 Ke7 42. Nc3 Rg5 43. Nd5+ Kf7 44. Nb6 Rc5 45. b4 Rc7 46. Nxc8 Rxc8 47. c5 a5 48. a3 Rb8 49. Bc4 1-0

[Event "Ruhrgebiet Verbandsklasse Gruppe 2 1718"]
[Site "Germany"]
[Date "2017.10.08"]
[Round "2.1"]
[White "Happe, Ulrich"]
[Black "Schulenburg, Pit"]
[Result "0-1"]
[WhiteElo "2105"]
[BlackElo "2080"]
[PlyCount "84"]
[EventDate "2017.09.17"]
[EventType "team-tourn"]
[EventRounds "9"]
[EventCountry "GER"]
[SourceTitle "EXT 2022"]
[Source "ChessBase"]
[SourceDate "2021.10.06"]
[SourceVersion "1"]
[SourceVersionDate "2021.10.06"]
[SourceQuality "1"]
[WhiteTeam "Steele/Kray Rochade"]
[BlackTeam "Dortmund Matt Inn"]
[WhiteTeamCountry "GER"]
[BlackTeamCountry "GER"]

1. c4 d6 2. d4 f5 3. g3 g6 4. Bg2 Nf6 5. Nf3 Bg7 6. 0-0 0-0 7. Nc3 Qe8 8. d5 Na6 9. Rb1 Nc5 10. Nb5 Qd8 11. Nfd4 e5 12. dxe6 c6 13. Bxc6 bxc6 14. Nxc6 Qe8 15. e7 Qxc6 16. Qxd6 Qxd6 17. Nxd6 Re8 18. Nxe8 Nxe8 19. Be3 Na4 20. Rfd1 Kf7 21. Rd2 Kxe7 22. b4 Be6 23. Rc1 Bc3 24. Rd3 Bxc4 25. Rdxc3 Nxc3 26. Rxc3 Bxe2 27. Bxa7 Kf7 28. Re3 Bc4 29. Bc5 Bxa2 30. Re7+ Kg8 31. Kf1 Bc4+ 32. Ke1 Ng7 33. Kd2 Ra3 34. Rb7 Ne6 35. Be3 f4 36. gxf4 Nd4 37. Rb8+ Kf7 38. Rb7+ Ke6 39. Rxh7 Rd3+ 40. Kc1 Rc3+ 41. Kb2 Rc2+ 42. Kb1 Ba2+ 0-1

[Event "Ruhrgebiet Verbandsliga Gruppe 1 1617"]
[Site "Germany"]
[Date "2017.01.29"]
[Round "6.1"]
[White "Happe, Ulrich"]
[Black "Rumpf, Thomas"]
[Result "1/2-1/2"]
[WhiteElo "2069"]
[BlackElo "2009"]
[PlyCount "138"]
[EventDate "2016.09.04"]
[EventType "team-tourn"]
[EventRounds "9"]
[EventCountry "GER"]
[SourceTitle "EXT 2022"]
[Source "ChessBase"]
[SourceDate "2021.10.06"]
[SourceVersion "1"]
[SourceVersionDate "2021.10.06"]
[SourceQuality "1"]
[WhiteTeam "Steele/Kray Rochade"]
[BlackTeam "Kamen SV II"]
[WhiteTeamCountry "GER"]
[BlackTeamCountry "GER"]

1. c4 e5 2. g3 Nf6 3. Bg2 Nc6 4. Nc3 Bb4 5. Nd5 Nxd5 6. cxd5 Ne7 7. a3 Bc5 8. b4 Bd4 9. Rb1 d6 10. e3 Bb6 11. Ne2 0-0 12. 0-0 Bf5 13. d3 Qd7 14. Bb2 Bh3 15. Qb3 a5 16. e4 axb4 17. axb4 Bg4 18. Qc2 Qa4 19. Qd2 Qb5 20. Nc3 Qd7 21. Kh1 Bd4 22. f3 Bh3 23. Ne2 Bxg2+ 24. Kxg2 Bxb2 25. Qxb2 c6 26. dxc6 bxc6 27. d4 Qe6 28. Ra1 Rab8 29. dxe5 dxe5 30. Ra5 f6 31. Qc3 Rfd8 32. Rfa1 Rd7 33. Ra8 Rbd8 34. R1a6 Rxa8 35. Rxa8+ Kf7 36. Ra6 Rd6 37. g4 g6 38. Kf2 Qc8 39. b5 Qb7 40. Qc4+ Kg7 41. Qc5 Nc8 42. Rxc6 Rxc6 43. bxc6 Qb6 44. Qxb6 Nxb6 45. Nc3 Kf7 46. Nd5 Nc8 47. Ke3 Ke6 48. Kd3 h5 49. gxh5 gxh5 50. Kc4 f5 51. Kc5 fxe4 52. fxe4 h4 53. h3 Nd6 54. Nc7+ Ke7 55. Kd5 Nf7 56. Ne6 Ke8 57. Ng7+ Kd8 58. Nf5 Kc7 59. Nxh4 Ng5 60. Ng6 Nxh3 61. Nxe5 Nf4+ 62. Kc5 Ne6+ 63. Kb5 Ng5 64. Nd3 Nxe4 65. Nb4 Nc3+ 66. Kc5 Ne4+ 67. Kd5 Nf6+ 68. Ke5 Nd7+ 69. Kd5 Nb8 1/2-1/2

[Event "Ruhrgebiet Verbandsliga Gruppe 1 1516"]
[Site "Germany"]
[Date "2016.04.24"]
[Round "9.3"]
[White "Happe, Ulrich"]
[Black "Andersen, Knut"]
[Result "1-0"]
[WhiteElo "2009"]
[BlackElo "1946"]
[PlyCount "143"]
[EventDate "2015.09.06"]
[EventType "team-tourn"]
[EventRounds "9"]
[EventCountry "GER"]
[SourceTitle "EXT 2022"]
[Source "ChessBase"]
[SourceDate "2021.10.06"]
[SourceVersion "1"]
[SourceVersionDate "2021.10.06"]
[SourceQuality "1"]
[WhiteTeam "Steele/Kray Rochade"]
[BlackTeam "Buer SF"]
[WhiteTeamCountry "GER"]
[BlackTeamCountry "GER"]

1. e4 c5 2. Nf3 Nc6 3. d4 cxd4 4. Nxd4 Qb6 5. Nb3 Nf6 6. Nc3 e6 7. Be3 Qc7 8. a3 Be7 9. Be2 0-0 10. 0-0 d5 11. exd5 Rd8 12. Qc1 Nxd5 13. Nxd5 exd5 14. Rd1 Bf5 15. c3 Qe5 16. Qd2 Bd6 17. g3 Be4 18. f3 Bg6 19. Bf4 Qf5 20. Bxd6 Rxd6 21. f4 Re8 22. Bf3 Qc2 23. Nd4 Nxd4 24. cxd4 Qxd2 25. Rxd2 Be4 26. Re1 f5 27. Re3 Rc8 28. Rb3 b6 29. Kf2 Rdc6 30. Rb5 a6 31. Bxe4 axb5 32. Bxd5+ Kf8 33. Bxc6 Rxc6 34. Ke3 b4 35. d5 Rc1 36. axb4 Re1+ 37. Kd3 Re4 38. b5 Ke7 39. Rc2 Kd6 40. Rc6+ Kxd5 41. Rxb6 g6 42. Rb8 Kc5 43. b6 Re7 44. h3 Kc6 45. b3 Rd7+ 46. Kc4 Re7 47. Kb4 Re1 48. Rh8 Kxb6 49. Rxh7 Re4+ 50. Ka3 Re3 51. g4 Re4 52. Rh6 Rxf4 53. Rxg6+ Kb7 54. Rf6 Rf3 55. Rf7+ Kc6 56. Rxf5 Rxh3 57. Kb4 Rg3 58. Rg5 Kd6 59. Ka4 Ke6 60. b4 Kf6 61. Rf5+ Ke6 62. Rf4 Ke5 63. Rc4 Kd5 64. Rc5+ Kd6 65. g5 Rg1 66. Kb5 Rg4 67. Ka5 Kd7 68. b5 Rg1 69. Ka6 Kd6 70. Rc6+ Kd7 71. g6 Rg5 72. Kb6 1-0

[Event "Ruhrgebiet Verbandsliga Gruppe 1 1415"]
[Site "Germany"]
[Date "2015.03.01"]
[Round "7.3"]
[White "Happe, Ulrich"]
[Black "Evertz, Dieter"]
[Result "1-0"]
[WhiteElo "1983"]
[BlackElo "2028"]
[PlyCount "47"]
[EventDate "2014.09.21"]
[EventType "team-tourn"]
[EventRounds "9"]
[EventCountry "GER"]
[SourceTitle "EXT 2022"]
[Source "ChessBase"]
[SourceDate "2021.10.06"]
[SourceVersion "1"]
[SourceVersionDate "2021.10.06"]
[SourceQuality "1"]
[WhiteTeam "Steele/Kray Rochade"]
[BlackTeam "Herne Sodingen II"]
[WhiteTeamCountry "GER"]
[BlackTeamCountry "GER"]

1. Nf3 c5 2. e4 Nc6 3. d4 cxd4 4. Nxd4 g6 5. c4 Bg7 6. Nc2 Nf6 7. Nc3 d6 8. Be2 0-0 9. 0-0 b6 10. f3 Bb7 11. b3 Qd7 12. Bb2 Rfd8 13. Qd2 Rac8 14. Rfd1 Qe8 15. Bf1 h5 16. Ne3 Bh6 17. Qf2 Ne5 18. Ned5 Nxd5 19. Nxd5 Bg7 20. Rd2 Qd7 21. Rad1 Re8 22. Be2 Qe6 23. Kh1 Nd7 24. Nf4 1-0

[Event "Ruhrgebiet Verbandsliga Gruppe 1 1415"]
[Site "Germany"]
[Date "2014.11.16"]
[Round "3.3"]
[White "Happe, Ulrich"]
[Black "Lange, Andreas"]
[Result "1/2-1/2"]
[WhiteElo "1982"]
[BlackElo "2054"]
[PlyCount "83"]
[EventDate "2014.09.21"]
[EventType "team-tourn"]
[EventRounds "9"]
[EventCountry "GER"]
[SourceTitle "EXT 2022"]
[Source "ChessBase"]
[SourceDate "2021.10.06"]
[SourceVersion "1"]
[SourceVersionDate "2021.10.06"]
[SourceQuality "1"]
[WhiteTeam "Steele/Kray Rochade"]
[BlackTeam "Brambauer"]
[WhiteTeamCountry "GER"]
[BlackTeamCountry "GER"]

1. Nf3 c5 2. g3 g6 3. c3 Bg7 4. d4 Qc7 5. Bg2 Nf6 6. 0-0 0-0 7. Re1 b6 8. Nbd2 Bb7 9. b3 d6 10. Bb2 e5 11. dxe5 dxe5 12. e4 Re8 13. Qc2 Nbd7 14. Rad1 b5 15. Nf1 Nb6 16. N3d2 c4 17. Ne3 cxb3 18. axb3 Rac8 19. Ra1 a6 20. Bh3 Nfd7 21. Rac1 Qd8 22. Qb1 Rc7 23. Rcd1 Qa8 24. Bf1 Qc8 25. c4 b4 26. Bh3 Qd8 27. Ndf1 Qe7 28. Nd5 Nxd5 29. cxd5 Qd6 30. Bxd7 Qxd7 31. Ne3 Bc8 32. Qd3 f5 33. Nc4 fxe4 34. Qxe4 Rc5 35. Nb6 Qb5 36. Nxc8 Rcxc8 37. d6 Rc5 38. Qg4 Rc2 39. d7 Rd8 40. Qe6+ Kf8 41. Bc1 Rc6 42. Qg4 1/2-1/2

[Event "Dortmund Sparkassen op-A"]
[Site "Dortmund"]
[Date "2014.07.20"]
[Round "9"]
[White "Imcke, Patrick"]
[Black "Happe, Ulrich"]
[Result "1/2-1/2"]
[WhiteElo "2022"]
[BlackElo "2058"]
[PlyCount "81"]
[EventDate "2014.07.12"]
[EventType "swiss"]
[EventRounds "9"]
[EventCountry "GER"]
[SourceTitle "CBM 161 Extra"]
[Source "ChessBase"]
[SourceDate "2014.08.29"]
[SourceVersion "1"]
[SourceVersionDate "2014.08.29"]
[SourceQuality "1"]

1. e4 c5 2. Nf3 e6 3. d4 cxd4 4. Nxd4 Nc6 5. Nc3 Nf6 6. Ndb5 d6 7. Bf4 e5 8. Bg5 a6 9. Na3 b5 10. Nd5 Be7 11. Bxf6 Bxf6 12. c4 b4 13. Nc2 0-0 14. b3 a5 15. g3 g6 16. h4 Bg7 17. Bh3 Be6 18. h5 Ra7 19. Kf1 Qc8 20. Kg2 f5 21. hxg6 hxg6 22. Qe2 Raf7 23. Raf1 Qd8 24. Qd2 Bc8 25. f3 fxe4 26. Bxc8 exf3+ 27. Kg1 Qxc8 28. Qh2 Re8 29. Nce3 Qe6 30. Qh7+ Kf8 31. Rh6 Ne7 32. Nxe7 Kxe7 33. Nd5+ Kd7 34. Rxg6 Qf5 35. g4 f2+ 36. Kh2 Rh8 37. Qxh8 Qxg6 38. Qb8 Qh7+ 39. Kg3 Qd3+ 40. Kh2 Qh7+ 41. Kg3 1/2-1/2

[Event "Dortmund Sparkassen op-A"]
[Site "Dortmund"]
[Date "2014.07.15"]
[Round "4"]
[White "Happe, Ulrich"]
[Black "Pauly, Carlo"]
[Result "0-1"]
[WhiteElo "2058"]
[BlackElo "2161"]
[PlyCount "46"]
[EventDate "2014.07.12"]
[EventType "swiss"]
[EventRounds "9"]
[EventCountry "GER"]
[SourceTitle "CBM 161 Extra"]
[Source "ChessBase"]
[SourceDate "2014.08.29"]
[SourceVersion "1"]
[SourceVersionDate "2014.08.29"]
[SourceQuality "1"]

1. e4 c5 2. Nf3 d6 3. c3 Nf6 4. Bc4 e6 5. Qe2 Nc6 6. Bb3 g5 7. Nxg5 Rg8 8. d3 h6 9. Nf3 Rxg2 10. Bf4 Rg4 11. Qe3 d5 12. h3 Rg6 13. e5 Nh5 14. d4 Qb6 15. dxc5 Bxc5 16. Qd2 Nxf4 17. Qxf4 Bxf2+ 18. Ke2 Bd7 19. Nbd2 Ne7 20. Nd4 Bxd4 21. cxd4 Nf5 22. Nf3 Rg2+ 23. Ke1 Qb5 0-1

[Event "NRW Verbandsliga Group2 1314"]
[Site "Nordrheinwestfalen"]
[Date "2014.01.26"]
[Round "6.4"]
[White "Pustelny Conrad, Dieter"]
[Black "Happe, Ulrich"]
[Result "1/2-1/2"]
[WhiteElo "1924"]
[BlackElo "1998"]
[PlyCount "89"]
[EventDate "2013.09.08"]
[EventType "team-tourn"]
[EventRounds "9"]
[EventCountry "GER"]
[SourceTitle "EXT 2020"]
[Source "ChessBase"]
[SourceDate "2019.10.17"]
[SourceVersion "1"]
[SourceVersionDate "2019.10.17"]
[SourceQuality "1"]
[WhiteTeam "Wattenscheid SV IV"]
[BlackTeam "Rochade Steele/Kray"]
[WhiteTeamCountry "GER"]
[BlackTeamCountry "GER"]

1. c4 Nf6 2. Nc3 d5 3. cxd5 Nxd5 4. d4 g6 5. e4 Nxc3 6. bxc3 Bg7 7. Bc4 0-0 8. Ne2 c5 9. Be3 Nd7 10. 0-0 Nb6 11. Bb3 c4 12. Bc2 f5 13. f3 e6 14. Qd2 Bd7 15. Bh6 Qe7 16. Bxg7 Kxg7 17. a4 fxe4 18. fxe4 Rxf1+ 19. Kxf1 Rf8+ 20. Kg1 Bc6 21. Ng3 e5 22. a5 Nc8 23. Ba4 Bxa4 24. Rxa4 Nd6 25. Ra1 Rf4 26. Rd1 Nxe4 27. Qe3 Nxg3 28. hxg3 Rf5 29. g4 Rf6 30. dxe5 Re6 31. Qd4 b5 32. axb6 axb6 33. Qxc4 Rxe5 34. Qd4 Qc5 35. Kf2 Kf6 36. Kf3 Qxd4 37. cxd4 Rb5 38. Kf4 Ke6 39. Ke4 Rb2 40. Rh1 Rxg2 41. Kf3 Rb2 42. Rxh7 b5 43. Ke4 Re2+ 44. Kf3 Re1 45. Rb7 1/2-1/2

[Event "NRW Verbandsliga Group2 1314"]
[Site "Nordrheinwestfalen"]
[Date "2013.11.03"]
[Round "3"]
[White "Happe, Ulrich"]
[Black "Gelashvili, George"]
[Result "1-0"]
[WhiteElo "1998"]
[BlackElo "2044"]
[PlyCount "109"]
[EventDate "2013.09.08"]
[EventType "team-tourn"]
[EventRounds "9"]
[EventCountry "GER"]
[SourceTitle "EXT 2020"]
[Source "ChessBase"]
[SourceDate "2019.10.17"]
[SourceVersion "1"]
[SourceVersionDate "2019.10.17"]
[SourceQuality "1"]
[WhiteTeam "Rochade Steele/Kray"]
[BlackTeam "Hamm SVg"]
[WhiteTeamCountry "GER"]
[BlackTeamCountry "GER"]

1. e4 g6 2. d4 Bg7 3. Nf3 d6 4. Nc3 Nc6 5. Be3 Bg4 6. Bb5 a6 7. Bxc6+ bxc6 8. h3 Bd7 9. Qd2 Rb8 10. Rb1 h6 11. 0-0 g5 12. Ne1 e6 13. f4 gxf4 14. Bxf4 Ne7 15. Be3 Ng6 16. Nd3 Qe7 17. Kh2 e5 18. d5 c5 19. b3 Qh4 20. Qf2 Qxf2 21. Rxf2 Ne7 22. Rbf1 Rf8 23. g4 Ng6 24. Ne2 c6 25. Ng3 cxd5 26. Nh5 Bh8 27. Bxh6 Rg8 28. exd5 e4 29. Re2 f5 30. gxf5 Ne5 31. Rxe4 Kf7 32. Nxe5+ Bxe5+ 33. Bf4 Rh8 34. Bxe5 dxe5 35. Ng3 Rbe8 36. Re3 c4 37. Ne4 Rh6 38. bxc4 Rb8 39. Nc5 Be8 40. Rxe5 Rb2 41. Rf2 Rxa2 42. Rfe2 Ba4 43. Re7+ Kg8 44. Nxa4 Rxa4 45. Re8+ Kf7 46. R2e7+ Kf6 47. Re6+ Kf7 48. Ra8 Rh4 49. Ra7+ Kf8 50. Rb6 Re4 51. Rf6+ Kg8 52. Rg6+ Kh8 53. Re6 Raxc4 54. Rxe4 Rxe4 55. d6 1-0

[Event "NRW Verbandsliga Group2 1314"]
[Site "Nordrheinwestfalen"]
[Date "2013.10.13"]
[Round "2.4"]
[White "Buschmann, Andreas"]
[Black "Happe, Ulrich"]
[Result "1-0"]
[WhiteElo "2008"]
[BlackElo "1998"]
[PlyCount "99"]
[EventDate "2013.09.08"]
[EventType "team-tourn"]
[EventRounds "9"]
[EventCountry "GER"]
[SourceTitle "EXT 2020"]
[Source "ChessBase"]
[SourceDate "2019.10.17"]
[SourceVersion "1"]
[SourceVersionDate "2019.10.17"]
[SourceQuality "1"]
[WhiteTeam "Horst Emscher"]
[BlackTeam "Rochade Steele/Kray"]
[WhiteTeamCountry "GER"]
[BlackTeamCountry "GER"]

1. d4 Nf6 2. c4 g6 3. Nc3 d5 4. cxd5 Nxd5 5. e4 Nxc3 6. bxc3 c5 7. Bc4 Bg7 8. Be3 0-0 9. Ne2 Nc6 10. 0-0 Bg4 11. f3 Na5 12. Bxf7+ Rxf7 13. fxg4 Rxf1+ 14. Kxf1 Qd7 15. h3 Rd8 16. Kg1 Qe6 17. Qc2 Qc4 18. Rd1 cxd4 19. Bxd4 Bxd4+ 20. Rxd4 Qc5 21. Kh1 Rf8 22. Qd1 Rf2 23. Qe1 Rf6 24. Ng1 Nc6 25. Rd5 Qc4 26. Rd2 Re6 27. Re2 Ne5 28. Nf3 Nd3 29. Qg3 Nc5 30. Qb8+ Kg7 31. Nd4 Rd6 32. Rf2 Rf6 33. Qe5 Nxe4 34. Qxe7+ Qf7 35. Ne6+ Kh8 36. Qd8+ Qg8 37. Rxf6 Qxd8 38. Nxd8 Nxf6 39. Nxb7 Ne4 40. c4 Kg7 41. c5 Kf6 42. c6 Ke6 43. Kh2 Nd6 44. Kg3 g5 45. Kf3 Nb5 46. Ke3 Kd5 47. Nd8 Nc7 48. g3 h6 49. h4 Ne6 50. Nxe6 1-0

[Event "Ruhrgebiet VK2 1213"]
[Site "Nordrheinwestfalen"]
[Date "2012.10.28"]
[Round "3"]
[White "Peters, Olaf"]
[Black "Happe, Ulrich"]
[Result "1/2-1/2"]
[WhiteElo "1917"]
[BlackElo "1980"]
[PlyCount "55"]
[EventDate "2012.09.02"]
[EventType "team-tourn"]
[EventRounds "9"]
[EventCountry "GER"]
[SourceTitle "EXT 2020"]
[Source "ChessBase"]
[SourceDate "2019.10.17"]
[SourceVersion "1"]
[SourceVersionDate "2019.10.17"]
[SourceQuality "1"]
[WhiteTeam "Bochum Uni"]
[BlackTeam "Rochade Steele/Kray"]
[WhiteTeamCountry "GER"]
[BlackTeamCountry "GER"]

1. c4 Nf6 2. Nc3 d5 3. cxd5 Nxd5 4. g3 Nb6 5. Bg2 g6 6. Nf3 Bg7 7. 0-0 0-0 8. d4 Na6 9. h3 c5 10. dxc5 Nxc5 11. Be3 Qxd1 12. Rfxd1 Nca4 13. Nxa4 Nxa4 14. Bd4 Nxb2 15. Bxg7 Kxg7 16. Rd4 Be6 17. Rb1 Nc4 18. Ng5 Nd6 19. Nxe6+ fxe6 20. Bxb7 Rab8 21. Be4 Rxb1+ 22. Bxb1 Rc8 23. Bd3 Rc5 24. f4 Ra5 25. a4 Nf5 26. Bxf5 exf5 27. Kf2 Kf6 28. e4 1/2-1/2

[Event "Ruhrgebiet VK2 1213"]
[Site "Nordrheinwestfalen"]
[Date "2012.09.02"]
[Round "1"]
[White "Happe, Ulrich"]
[Black "Krueger, Erich"]
[Result "1-0"]
[WhiteElo "1980"]
[BlackElo "2114"]
[PlyCount "43"]
[EventDate "2012.09.02"]
[EventType "team-tourn"]
[EventRounds "9"]
[EventCountry "GER"]
[SourceTitle "EXT 2020"]
[Source "ChessBase"]
[SourceDate "2019.10.17"]
[SourceVersion "1"]
[SourceVersionDate "2019.10.17"]
[SourceQuality "1"]
[WhiteTeam "Rochade Steele/Kray"]
[BlackTeam "Katernberg SF III"]
[WhiteTeamCountry "GER"]
[BlackTeamCountry "GER"]

1. d4 Nf6 2. Nf3 g6 3. e3 Bg7 4. Be2 c5 5. 0-0 0-0 6. c4 cxd4 7. Nxd4 Nc6 8. Nc3 d6 9. b3 Nxd4 10. exd4 d5 11. Be3 e6 12. Qd2 Bd7 13. cxd5 exd5 14. Bg5 Qa5 15. Rfd1 Rac8 16. Bxf6 Bxf6 17. Ne4 Bd8 18. Nf6+ Kg7 19. Nxd7 Re8 20. Qxa5 Bxa5 21. Bf3 Re7 22. Ne5 1-0